000
00228nam a22000857a 4500
008
161201b xxu||||| |||| 00| 0 eng d
100
_9
1632
_a
Ram. S. K
245
_a
LEARNING TO cOMMUNICATE WORK BOOK
260
_a
New delhi
_b
Oxford
_c
2005
999
_c
4346
_d
4346